| 000 | 00000nam 2200000zi 4500 |
| 001 | 9.945306 |
| 003 | CaOODSP |
| 005 | 20250106115224 |
| 006 | m o d f |
| 007 | cr mn||||||||| |
| 008 | 241119s2024 oncbd obs f000 0 fre d |
| 020 | |a9780660745572 |
| 040 | |aCaOODSP|bfre|erda|cCaOODSP |
| 043 | |an-cn--- |
| 086 | 1 |aPS83-3/482F-PDF |
| 100 | 1 |aHanby, Laura, |d1984- |eauteur. |
| 245 | 10|aExpériences au sein des établissements pour hommes visés à l'article 81 : |bun examen qualitatif / |cLaura Hanby, Danielle Hawthorn, Alexa Hildenbrand, Angela Smeth et Dena Derkzen. |
| 264 | 1|aOttawa (Ontario) : |bService correctionnel du Canada = Correctional Service Canada, |c2024. |
| 300 | |a1 ressource en ligne (vi, 101 pages) : |bcartes, graphiques. |
| 336 | |atexte|btxt|2rdacontent/fre |
| 337 | |ainformatique|bc|2rdamedia/fre |
| 338 | |aressource en ligne|bcr|2rdacarrier/fre |
| 490 | 1 |aRapport de recherche ; |vn° R-482 |
| 500 | |aPublié aussi en anglais sous le titre : Experiences at men's section 81 facilities: a qualitative examination. |
| 504 | |aComprend des références bibliographiques (pages 78-81). |
| 520 | |a« Les pavillons de ressourcement sont des environnements axés sur les valeurs, les traditions et les croyances autochtones. Dans un contexte correctionnel, ils offrent aux Autochtones des interventions permettant de s’attaquer aux facteurs qui ont contribué à leur incarcération et de les préparer à réintégrer la société. La présente étude s’est concentrée sur l’examen des avantages, des expériences et des réalités opérationnelles associés aux pavillons de ressourcement pour hommes exploités par une communauté ou un organisme autochtone partenaire en vertu d’un accord aux termes de l’article 81 de la Loi sur le système correctionnel et la mise en liberté sous condition » -- Résumé, page [v]. |
| 650 | 6|aCriminels autochtones|xRéhabilitation|zCanada. |
| 650 | 6|aPrisonniers issus des minorités|zCanada|vStatistiques. |
| 650 | 6|aÉtablissements de correction|zCanada. |
| 655 | 7|aStatistiques|2rvmgf |
| 710 | 2 |aService correctionnel Canada, |eorganisme de publication. |
| 775 | 08|tExperiences at men's section 81 facilities : |w(CaOODSP)9.945305 |
| 830 | #0|aRapport de recherche (Service correctionnel Canada. Direction de la recherche)|vn° R-482.|w(CaOODSP)9.502465 |
| 856 | 40|qPDF|s1.38 Mo|uhttps://publications.gc.ca/collections/collection_2025/scc-csc/PS83-3-482-fra.pdf |